[Event "Let's Play Chess!"]
[Site "http://www.queenalice.com/game.php?id=158618"]
[Date "2007.1.24"]
[Round "-"]
[White "janiocampelo"]
[Black "bazzo0815"]
[Result "0-1"]
[WhiteElo "1215"]
[BlackElo "1807"]

1. d4 e6 2. c4 Nf6 3. Nc3 Bb4 4. Bg5 c5 5. d5 h6 6. Qd2 hxg5 7. Qxg5 O-O 8. e3
Ne4 9. Qxd8 Rxd8 10. Rc1 d6 11. Bd3 Bxc3+ 12. bxc3 Nf6 13. Nf3 e5 14. Ng5 Nbd7
15. Rb1 b6 16. O-O Nf8 17. h3 Bd7 18. f4 exf4 19. Rxf4 N8h7 20. Nxh7 Nxh7 21.
Bxh7+ Kxh7 22. Rxf7 Be8 23. Rf3 Bg6 24. Rbf1 Bd3 25. R1f2 Bxc4 26. Rf4 Bxd5 27.
Rh4+ Kg8 28. Rf5 Bxa2 29. Kh2 Bf7 30. Rhf4 Rf8 31. h4 a5 32. g4 a4 33. Rf1 a3
34. Ra1 a2 35. Rd5 Bxd5 0-1

[Event "Let's Play Chess!"]
[Site "http://www.queenalice.com/game.php?id=159067"]
[Date "2007.1.25"]
[Round "-"]
[White "Alice"]
[Black "janiocampelo"]
[Result "1-0"]
[WhiteElo "1096"]
[BlackElo "1394"]

1. e4 d5 2. exd5 Qxd5 3. Nc3 Qc6 4. Nf3 Bg4 5. h3 Bh5 6. Be2 Nf6 7. O-O Nbd7 8.
Re1 g6 9. b3 Bg7 10. Bb2 Ne4 11. Bb5 Nxf2 12. Qe2 Bxf3 13. gxf3 Nxh3+ 14. Kh2
Nf4 15. Qxe7# 1-0

[Event "Let's Play Chess!"]
[Site "http://www.queenalice.com/game.php?id=159570"]
[Date "2007.1.27"]
[Round "-"]
[White "xguardianx"]
[Black "janiocampelo"]
[Result "0-1"]
[WhiteElo "1748"]
[BlackElo "1372"]

1. e4 c5 2. d4 b6 3. dxc5 bxc5 4. Bb5 Bb7 5. Nc3 e5 6. Nf3 Bc6 7. Bxc6 Nxc6 8.
Nd5 Nd4 9. c3 Nxf3+ 10. Qxf3 Bd6 11. b4 Nf6 12. Bg5 Be7 13. bxc5 h6 14. Bh4 Nxd5
15. Bg3 Bxc5 16. exd5 Qe7 17. O-O O-O 18. Rfe1 Bd6 19. Re4 Rfe8 20. Bh4 f6 21.
Qh5 Rac8 22. Rg4 Rxc3 23. Qxh6 Qf7 24. Bxf6 Bf8 25. Re1 d6 26. f4 Rd3 27. fxe5
Rxd5 28. Rf1 Re6 29. Rf5 dxe5 30. Rh5 Qxf6 31. Qh7+ Kf7 32. Rf5 Bc5+ 33. Kf1
Qxf5+ 34. Qxf5+ Rf6 35. Rf4 exf4 36. Qe4 Rd1+ 0-1

[Event "Let's Play Chess!"]
[Site "http://www.queenalice.com/game.php?id=162784"]
[Date "2007.2.3"]
[Round "-"]
[White "colognestar"]
[Black "janiocampelo"]
[Result "1-0"]
[WhiteElo "2077"]
[BlackElo "1388"]

1. e4 e6 2. d4 f5 3. exf5 exf5 4. Nf3 d5 5. Bd3 Qe7+ 6. Qe2 Qxe2+ 7. Bxe2 Nc6 8.
O-O Be6 9. Bf4 O-O-O 10. c3 Nf6 11. b4 Ne4 12. a4 Nxb4 13. cxb4 Bxb4 14. Rc1 c6
15. Nbd2 g6 16. Nxe4 dxe4 17. Ng5 Bd5 18. Rab1 a5 19. Be5 Bd2 20. Bxh8 Bxc1 21.
Rxc1 Rxh8 22. Bc4 Bxc4 23. Rxc4 Kc7 24. Kf1 h5 25. Nf7 Rf8 26. Ne5 Rf6 27. Ke2
Kd6 28. Rc5 b6 29. Rxc6+ Ke7 30. Rxf6 Kxf6 31. Nd7+ Ke6 32. Nxb6 f4 33. Nc4 Kd5
34. Nxa5 Kxd4 35. Nb7 Kc4 36. a5 Kb5 37. Nd6+ Kxa5 38. Nxe4 Kb5 39. Kf3 1-0

[Event "Let's Play Chess!"]
[Site "http://www.queenalice.com/game.php?id=162863"]
[Date "2007.2.3"]
[Round "-"]
[White "janiocampelo"]
[Black "DGFerguson"]
[Result "1-0"]
[WhiteElo "1396"]
[BlackElo "1446"]

1. d4 e6 2. c4 c5 3. d5 e5 4. e4 Nf6 5. g3 Nxe4 6. Bg2 Nd6 7. Qh5 Nxc4 8. Nc3
Na6 9. b3 Nd6 10. Nf3 Nb4 11. O-O Qf6 12. Nxe5 Nc2 13. Rb1 b6 14. Bf4 Be7 15.
Rb2 Nd4 16. b4 Nc4 17. Nxc4 cxb4 18. Be5 Qg5 19. Qxg5 Bxg5 20. Bxd4 O-O 21. Rxb4
Ba6 22. Ne4 Be7 23. Re1 1-0

[Event "Let's Play Chess!"]
[Site "http://www.queenalice.com/game.php?id=163984"]
[Date "2007.2.5"]
[Round "-"]
[White "janiocampelo"]
[Black "ENDHER"]
[Result "0-1"]
[WhiteElo "1410"]
[BlackElo "2298"]

1. d4 d5 2. c4 Nf6 3. Nc3 e6 4. c5 b6 5. e3 bxc5 6. Nge2 Ba6 7. g3 cxd4 8. Qxd4
c5 9. Qa4+ Qd7 10. Qxd7+ Nbxd7 11. Bg2 Rb8 12. O-O Bd6 13. e4 dxe4 14. Nxe4 Nxe4
15. Bxe4 Bxe2 16. Re1 Bb5 17. a4 Ba6 18. a5 Bb7 19. Bd3 Ne5 20. Bb5+ Ke7 21. Bf4
Nf3+ 22. Kf1 Nxh2+ 23. Ke2 Bf3+ 24. Ke3 Rxb5 25. Bxd6+ Kxd6 26. Ra3 Rxb2 27.
Rd3+ Bd5 28. Red1 Ng4+ 0-1

[Event "Let's Play Chess!"]
[Site "http://www.queenalice.com/game.php?id=163985"]
[Date "2007.2.5"]
[Round "-"]
[White "ENDHER"]
[Black "janiocampelo"]
[Result "1-0"]
[WhiteElo "2312"]
[BlackElo "1396"]

1. e4 e5 2. Nf3 Bc5 3. Nxe5 Qh4 4. d4 Qxe4+ 5. Be3 Bd6 6. Nc3 Bb4 7. Qd2 Qf5 8.
Bd3 Qe6 9. O-O d6 10. Bc4 Qe7 11. Nxf7 Be6 12. Bxe6 Qxe6 13. Nxh8 d5 14. Rfe1
Ne7 15. Bg5 Qg8 16. Qf4 Bd6 17. Rxe7+ Bxe7 18. Re1 Nc6 19. Bxe7 Nxe7 20. Qxc7
1-0

[Event "Revanche"]
[Site "http://www.queenalice.com/game.php?id=166370"]
[Date "2007.2.10"]
[Round "-"]
[White "janiocampelo"]
[Black "xguardianx"]
[Result "0-1"]
[WhiteElo "1392"]
[BlackElo "1702"]

1. d4 d5 2. c4 dxc4 3. Qa4+ Nc6 4. d5 Qxd5 5. Nc3 Qa5 6. Qxc4 Be6 7. Qa4 O-O-O
8. Qxa5 Nxa5 9. e4 g6 10. Be2 f5 11. Nf3 Bg7 12. e5 Nc4 13. O-O Nxe5 14. Nxe5
Bxe5 15. Be3 Nf6 16. Bxa7 Rd2 17. Rab1 Bxc3 18. bxc3 Rxe2 19. Bd4 Rf8 20. Rfe1
Bxa2 21. Ra1 Rxe1+ 22. Rxe1 Ne4 23. f3 c5 24. Be5 Nd6 25. Ra1 Nc4 26. Bf4 e5 27.
Rxa2 exf4 28. Ra8+ Kd7 29. Rxf8 b5 30. Rf7+ Ke6 31. Rxh7 Ne3 32. Rb7 Kd5 33.
Rxb5 Kc4 34. Rb6 g5 35. Rf6 Kxc3 36. Rxf5 Nxf5 37. Kf2 Kd2 38. g3 c4 39. gxf4
gxf4 40. Kg2 c3 0-1

[Event "Challenge"]
[Site "http://www.queenalice.com/game.php?id=168825"]
[Date "2007.2.14"]
[Round "-"]
[White "MaU"]
[Black "janiocampelo"]
[Result "1-0"]
[WhiteElo "1420"]
[BlackElo "1412"]

1. e4 e6 2. d4 Nc6 3. Nf3 g6 4. b3 Bg7 5. e5 Nge7 6. Nc3 Nxd4 7. Qxd4 Nf5 8. Qb4
Ne7 9. Bd3 O-O 10. Bg5 h6 11. Bxe7 Qe8 12. Nb5 a5 13. Qa3 c6 14. Nc7 1-0

[Event "Challenge"]
[Site "http://www.queenalice.com/game.php?id=168826"]
[Date "2007.2.14"]
[Round "-"]
[White "janiocampelo"]
[Black "MaU"]
[Result "0-1"]
[WhiteElo "1386"]
[BlackElo "1477"]

1. d4 e6 2. c4 Nf6 3. Bg5 h6 4. Bf4 Ne4 5. Be3 d5 6. c5 Nc6 7. g3 e5 8. Nf3 exd4
9. Qxd4 Nxd4 10. Bxd4 Nxc5 11. Bg2 Ne4 12. O-O c5 13. Be3 Qb6 14. b3 Qb5 15.
Nfd2 Bg4 16. Nxe4 dxe4 17. Nc3 Qa6 18. Bxe4 O-O-O 19. Bf3 h5 20. Bxg4+ hxg4 21.
a4 g6 22. Bg5 Re8 23. e3 Rd8 24. Bxd8 Kxd8 25. Rfd1+ Bd6 26. Nb5 Ke7 27. Rxd6 b6
28. Rad1 Qc8 29. Nxa7 Qf5 30. Nc6+ Kf8 31. Nd8 Qc2 32. R1d3 Kg7 33. Nc6 Rxh2 34.
Rd2 Qxb3 35. Kxh2 Qxa4 36. Ne5 Qe4 37. Nxg6 fxg6 38. Rxb6 c4 39. Rd4 Qc2 0-1

[Event "Let's Play Chess!"]
[Site "http://www.queenalice.com/game.php?id=172688"]
[Date "2007.2.22"]
[Round "-"]
[White "papilon_br"]
[Black "janiocampelo"]
[Result "1-0"]
[WhiteElo "1639"]
[BlackElo "1410"]

1. e4 Nc6 2. Nf3 e6 3. Nc3 d5 4. exd5 exd5 5. d4 Bb4 6. Qe2+ Nge7 7. Bg5 Bxc3+
8. bxc3 O-O 9. g3 h6 10. Bd2 Bf5 11. Bf4 Re8 12. Bg2 Ng6 13. Be3 Be4 14. O-O Qf6
15. a4 Re7 16. Rab1 b6 17. Nd2 Bxg2 18. Kxg2 Rae8 19. c4 Nxd4 20. Qd3 c5 21.
cxd5 Ne5 22. Bxd4 cxd4 23. Qxd4 Rd7 24. c4 Red8 25. f4 Ng4 26. Qxf6 Nxf6 27. f5
Ng4 28. Rf3 Re8 29. Kh3 h5 30. Rb5 Re2 31. Nf1 Kh7 32. f6 Nxf6 33. Ne3 g5 34.
Rxf6 Kg7 35. Rf5 Kg6 36. d6 f6 37. Nf1 Rxd6 38. g4 h4 39. Rf3 Rd4 40. Rbf5 Re6
41. Ne3 Rd3 42. Nd5 Rxf3+ 43. Rxf3 Rc6 44. Ne7+ 1-0

[Event "AUTO-INT-357"]
[Site "http://www.queenalice.com/game.php?id=172699"]
[Date "2007.2.22"]
[Round "1"]
[White "xmas"]
[Black "janiocampelo"]
[Result "1-0"]
[WhiteElo "1678"]
[BlackElo "1414"]

1. e4 e5 2. Nf3 Nc6 3. Bb5 Bc5 4. Bxc6 dxc6 5. d3 Bg4 6. Nbd2 Nf6 7. O-O O-O 8.
c3 Qxd3 9. h3 Bh5 10. Nxe5 Bxd1 11. Nxd3 Bxf2+ 12. Nxf2 Bh5 13. Re1 Nxe4 14.
Nfxe4 Rfe8 15. b4 f5 16. Ba3 Bf7 17. Ng5 Rxe1+ 18. Rxe1 Bxa2 19. Re7 Rd8 20.
Rxc7 h6 21. Ngf3 Bd5 22. Rxb7 Bxf3 23. Nxf3 Rd3 24. Bb2 a6 25. Ne5 Re3 26. Nxc6
Kh7 27. Nd4 f4 28. Ra7 h5 29. Kh2 Kh6 30. Nf5+ 1-0

[Event "AUTO-INT-357"]
[Site "http://www.queenalice.com/game.php?id=172700"]
[Date "2007.2.22"]
[Round "1"]
[White "janiocampelo"]
[Black "xmas"]
[Result "0-1"]
[WhiteElo "1421"]
[BlackElo "1607"]

1. d4 d5 2. Nc3 b6 3. Bf4 a6 4. e4 e6 5. Nf3 Bb4 6. a3 Be7 7. Ne5 Bb7 8. Nb5
axb5 9. Bxb5+ c6 10. Ba4 Rxa4 11. b3 Ra8 12. c4 Nf6 13. Nxf7 Kxf7 14. e5 Ne4 15.
O-O Rf8 16. Qh5+ Kg8 17. Qg4 Bg5 18. Qxe6+ Kh8 19. f3 Bxf4 20. fxe4 Qh4 21. h3
Na6 22. exd5 Bc8 23. Qxc6 Bxh3 24. d6 Be3+ 0-1

[Event "AUTO-INT-357"]
[Site "http://www.queenalice.com/game.php?id=172715"]
[Date "2007.2.22"]
[Round "1"]
[White "janiocampelo"]
[Black "catlinb"]
[Result "0-1"]
[WhiteElo "1393"]
[BlackElo "1549"]

1. e4 c5 2. Nc3 Nc6 3. Nf3 d6 4. Bb5 Bd7 5. d4 a6 6. Bxc6 Bxc6 7. d5 Bb5 8. Nxb5
axb5 9. O-O Nf6 10. e5 dxe5 11. Nxe5 Qxd5 12. Qxd5 Nxd5 13. Be3 Nxe3 14. fxe3 f6
15. Ng4 e5 16. a3 h5 17. Nxf6+ gxf6 18. Rxf6 O-O-O 19. Rf5 Rd2 20. Raf1 Bg7 21.
R1f2 Rxf2 22. Rxf2 Rf8 23. Rd2 Rd8 24. Rf2 Rd1+ 25. Rf1 Rxf1+ 26. Kxf1 Kd7 27.
Kf2 e4 0-1

[Event "AUTO-INT-357"]
[Site "http://www.queenalice.com/game.php?id=172716"]
[Date "2007.2.22"]
[Round "1"]
[White "catlinb"]
[Black "janiocampelo"]
[Result "0-1"]
[WhiteElo "1537"]
[BlackElo "1400"]

1. e4 Nc6 2. Nf3 d5 3. exd5 Qxd5 4. Nc3 Qd6 5. Bb5 Bd7 6. d4 g6 7. O-O a6 8.
Bxc6 Bxc6 9. d5 Bd7 10. Re1 Nf6 11. Bg5 Qb6 12. Bxf6 Qxf6 13. Qd4 Qxd4 14. Nxd4
Bg7 15. Re2 Bxd4 16. Rae1 Bf6 17. Ne4 O-O 18. Nxf6+ exf6 19. Re7 Rad8 0-1

[Event "AUTO-INT-357"]
[Site "http://www.queenalice.com/game.php?id=172717"]
[Date "2007.2.22"]
[Round "1"]
[White "janiocampelo"]
[Black "paulouk"]
[Result "1-0"]
[WhiteElo "1383"]
[BlackElo "1665"]

1. c4 e5 2. d4 exd4 3. Qxd4 Nc6 4. Qe4+ Be7 5. g3 Nf6 6. Qd3 Nb4 7. Qb3 b6 8.
Bg2 c6 9. Nc3 O-O 10. Bg5 Ng4 11. Ne4 Bxg5 12. Qxb4 Be7 13. c5 b5 14. Nd6 h5 15.
Bf3 Nf6 16. e4 a5 17. Qb3 a4 18. Qa3 Qa5+ 19. b4 Qd8 20. e5 Nh7 21. Bxh5 g6 22.
Bg4 f6 23. Nf3 f5 24. Bh3 Bxd6 25. cxd6 Bb7 26. O-O Qb6 27. Qe3 Qd8 28. Rad1 g5
29. g4 f4 30. Qe4 Rb8 31. e6 Re8 32. e7 Qb6 33. Nxg5 Nxg5 34. Qg6+ Kh8 35. Qxg5
Rg8 36. Qe5+ Kh7 37. Qxf4 c5 38. g5 Rg6 39. Qf7+ Rg7 40. Bf5+ Kh8 41. Qh5+ Kg8
42. Rfe1 Qc6 43. Be4 Qb6 44. Bxb7 Qxb7 45. e8=Q+ Rxe8 46. Rxe8# 1-0

[Event "AUTO-INT-357"]
[Site "http://www.queenalice.com/game.php?id=172718"]
[Date "2007.2.22"]
[Round "1"]
[White "paulouk"]
[Black "janiocampelo"]
[Result "0-1"]
[WhiteElo "1597"]
[BlackElo "1386"]

1. e4 e5 2. Nf3 d6 3. h3 Nf6 4. Nc3 Nc6 5. Bc4 Nd4 6. Ng5 h6 7. Nxf7 Qe7 8. Nxh8
Be6 9. Ng6 Qf7 10. Nh8 Qg8 11. Bxe6 Nxe6 12. Ng6 Qh7 13. Nxf8 Kxf8 14. f3 Nf4
15. O-O Qg6 16. Nb5 Qxg2# 0-1

[Event "Challenge"]
[Site "http://www.queenalice.com/game.php?id=179800"]
[Date "2007.3.10"]
[Round "-"]
[White "holandes"]
[Black "janiocampelo"]
[Result "1-0"]
[WhiteElo "1609"]
[BlackElo "1401"]

1. e4 f6 2. d4 e5 3. d5 c6 4. c4 Qa5+ 5. Bd2 Bb4 6. Nf3 d6 7. Be2 Qb6 8. O-O Nh6
9. Be3 c5 10. Nh4 f5 11. Bxh6 g6 12. b3 fxe4 13. f3 Rg8 14. fxe4 g5 15. Bh5+ Ke7
16. Nf5+ Kd7 17. Bf7 Rd8 18. Bxg5 Rf8 19. Be6+ Kc7 20. Be7 Re8 21. Bxd6+ Kd8 22.
Bf7 Rh8 23. Bxe5 Rf8 24. Nd6 Qc7 25. Qh5 Nd7 26. Qg5+ Nf6 27. Qxf6+ 1-0

[Event "Let's Play Chess!"]
[Site "http://www.queenalice.com/game.php?id=184849"]
[Date "2007.3.19"]
[Round "-"]
[White "Eivind"]
[Black "janiocampelo"]
[Result "1-0"]
[WhiteElo "1544"]
[BlackElo "1401"]

1. d4 Nf6 2. c4 e6 3. Nc3 Bb4 4. Bg5 O-O 5. e4 Nxe4 6. Bxd8 Nxc3 7. bxc3 Bxc3+
8. Ke2 Bxa1 9. Bxc7 Na6 10. Bd6 Re8 11. Qxa1 b6 12. Nf3 Bb7 13. Ne5 Bc6 14. Nxc6
Rac8 15. Ne7+ 1-0

[Event "Let's Play Chess!"]
[Site "http://www.queenalice.com/game.php?id=184850"]
[Date "2007.3.19"]
[Round "-"]
[White "janiocampelo"]
[Black "Eivind"]
[Result "0-1"]
[WhiteElo "1403"]
[BlackElo "1567"]

1. d4 c6 2. d5 cxd5 3. Nc3 Nf6 4. Nf3 d6 5. Bg5 Bf5 6. Bxf6 gxf6 7. Nxd5 Qa5+ 8.
Nd2 Qxd5 9. e4 Bxe4 10. Bc4 Qe5 11. Nxe4 Qxe4+ 12. Qe2 Qxg2 13. O-O-O Nc6 14.
Qh5 Ne5 15. Bd5 Qxf2 16. Bxb7 Rb8 17. Bd5 Rc8 18. Bb3 Rc5 19. Rd5 Nd3+ 20. Kb1
Nf4 21. Qxf7+ Kxf7 22. Rxc5+ Kg6 23. Rc3 Ne2 24. Rd3 f5 25. Rdd1 Bh6 26. Rdf1
Qg2 27. Re1 Rb8 28. Bc4 Nc3+ 29. Ka1 Qxc2 30. b3 Qxa2# 0-1

[Event "Let's Play Chess!"]
[Site "http://www.queenalice.com/game.php?id=213342"]
[Date "2007.5.19"]
[Round "-"]
[White "janiocampelo"]
[Black "CampbellMarcel"]
[Result "0-1"]
[WhiteElo "1392"]
[BlackElo "1899"]

1. d4 d5 2. Nc3 e6 3. e3 Bb4 4. Ne2 Nf6 5. a3 Ba5 6. Bd2 O-O 7. g3 Ne4 8. Nxe4
dxe4 9. Bxa5 f5 10. Nf4 b6 11. Bb4 Rf6 12. Bc4 a5 13. Nh5 Rh6 14. Nxg7 Kxg7 15.
Bc3 Ba6 16. d5+ Kg8 17. dxe6 Qxd1+ 0-1

[Event "Let's Play Chess!"]
[Site "http://www.queenalice.com/game.php?id=213345"]
[Date "2007.5.19"]
[Round "-"]
[White "CampbellMarcel"]
[Black "janiocampelo"]
[Result "1-0"]
[WhiteElo "1836"]
[BlackElo "1388"]

1. d4 d5 2. Bf4 Nc6 3. Nf3 Bf5 4. c3 Nf6 5. Na3 e6 6. Qb3 Na5 7. Qb5+ c6 8. Qa4
Qb6 9. b4 O-O-O 10. Qxa5 Qxa5 11. bxa5 Bxa3 12. Bc1 Bd6 13. a4 Ne4 14. Bb2 c5
15. e3 cxd4 16. cxd4 Bb4+ 17. Ke2 Bxa5 18. Rc1+ 1-0

[Event "Let's Play Chess!"]
[Site "http://www.queenalice.com/game.php?id=213347"]
[Date "2007.5.19"]
[Round "-"]
[White "CampbellMarcel"]
[Black "janiocampelo"]
[Result "1-0"]
[WhiteElo "1880"]
[BlackElo "1390"]

1. d4 Nf6 2. Nf3 e6 3. Nc3 Bb4 4. Bd2 O-O 5. e4 d5 6. e5 Ne4 7. Nxe4 Nc6 8. Nc5
f6 9. Nd3 Nxd4 10. Bxb4 Rf7 11. Nxd4 fxe5 12. Nxe5 Rf4 13. Bd3 h6 14. O-O Rxd4
15. Bh7+ Kxh7 16. Qxd4 Qf6 17. f4 b6 18. Bd2 Ba6 19. Rf2 1-0

[Event "Let's Play Chess!"]
[Site "http://www.queenalice.com/game.php?id=213352"]
[Date "2007.5.19"]
[Round "-"]
[White "janiocampelo"]
[Black "CampbellMarcel"]
[Result "0-1"]
[WhiteElo "1394"]
[BlackElo "1897"]

1. e4 d5 2. e5 c5 3. Bb5+ Bd7 4. Qe2 c4 5. Nc3 Bxb5 6. Nxb5 e6 7. d3 Qa5+ 8. Nc3
Nc6 9. Nf3 d4 10. Bd2 dxc3 11. Bxc3 Bb4 12. O-O Bxc3 13. bxc3 Qxc3 14. Ng5 cxd3
15. cxd3 Qxe5 16. Qxe5 Nxe5 0-1